| 000 | 00597cam a2200205 a 4500 | ||
|---|---|---|---|
| 001 | 000019842 | ||
| 005 | 20200929170148.0 | ||
| 008 | 750306s1974 xxc 000 1 eng d | ||
| 020 | _a0771047487 | ||
| 040 |
_aDO-SdBNP _beng _cLC _dBNPHU |
||
| 082 |
_a813.54 _bL379d |
||
| 100 | 1 |
_aLaurence, Margaret. _942350 |
|
| 245 | 1 | 4 |
_aThe diviners / _cMargaret Laurence. |
| 260 |
_aToronto : _bMcClelland and Stewart, _c1974. |
||
| 300 |
_a382 p. ; _c25 cm. |
||
| 650 | 4 |
_aNovela estadounidense _9262 |
|
| 650 | 4 |
_aLiteratura estadounidense _9263 |
|
| 910 | _aCatalogación derivada / LC | ||
| 049 | _aBNGR | ||
| 999 |
_c19355 _d19355 |
||